Landscapes of fear : (Record no. 164368)

MARC details
000 -LEADER
fixed length control field 00626nam a2200193 4500
005 - DATE AND TIME OF LATEST TRANSACTION
control field 20190516170544.0
010 ## - LCCN (DPL NO)
LC control number ENG-125204
020 ## - INTERNATIONAL STANDARD BOOK NUMBER
International Standard Book Number 9789383074204
Terms of availability 895.00
035 ## - SYSTEM CONTROL NUMBER
System control number EN-108736
037 ## - SOURCE OF ACQUISITION
Source of stock number/acquisition DBAD/PUB
082 ## - DEWEY DECIMAL CLASSIFICATION NUMBER
Classification number 347.54
245 ## - TITLE STATEMENT
Title Landscapes of fear :
Remainder of title understanding impunity in India/
Statement of responsibility, etc ed. by Patrick Hoenig [and] Navsharan Singh
260 ## - PUBLICATION, DISTRIBUTION, ETC. (IMPRINT)
Place of publication, distribution, etc New Delhi
Name of publisher, distributor, etc Zubban
Date of publication, distribution, etc 2014
270 ## - ADDRESS
Address 128B Shahpur Jat, 1st Floor
City New Delhi
Postal code 110049
Electronic mail address contact@zubaanbooks.com
300 ## - PHYSICAL DESCRIPTION
Extent xvi,698p.
Dimensions 22cm(Hb)
700 ## - ADDED ENTRY--PERSONAL NAME
Personal name Hoenig, Patrick
700 ## - ADDED ENTRY--PERSONAL NAME
Personal name Navsharan Singh
942 ## - ADDED ENTRY ELEMENTS (KOHA)
Source of classification or shelving scheme Dewey Decimal Classification
Item type English Books
Classification part 133.5
Call number suffix CHA
Holdings
Withdrawn status Lost status Not for loan Collection code Home library Current library Date acquired Source of acquisition Cost, normal purchase price Full call number Barcode Copy number Cost, replacement price Koha item type
    Not For Loan Non-fiction D.B.Act.Division Central Library 16/05/2019 DBAD/PUB 895.00 133.5 CHA EN-108736 1 895.00 English Books

© Delhi Public Library
Hit Counter
free hit counter